[Event "46th GRE-chT Premier 2018"]
[Site "Rio Achaia"]
[Date "2018.07.12"]
[Round "4"]
[White "Makropoulou, Marina"]
[Black "Prokopiou, Ekaterini"]
[Result "1-0"]
[WhiteElo "2135"]
[BlackElo "1661"]
[Annotator "NA"]
[PlyCount "129"]
[EventDate "2018.07.10"]
[EventType "team-tourn"]
[EventCountry "GRE"]
[SourceTitle "playchess.com"]
[Source "ChessBase"]
[SourceQuality "1"]
[TimeControl "40/5400+30:1800+30"]

1. e4 {[%emt 0:00:00]} c6 {[%emt 0:00:04]} 2. c4 {[%emt 0:00:00]} d5 {[%emt 0:00:12]} 3. exd5 {[%emt 0:00:00]} cxd5 {[%emt 0:00:20]} 4. cxd5 {[%emt 0:00:00]} Nf6 {[%emt 0:00:19]} 5. Qa4+ {[%emt 0:00:14]} Bd7 {[%emt 0:02:24]} 6. Qb3 {[%emt 0:00:52]} Qc7 {[%emt 0:01:51]} 7. Nc3 {[%emt 0:00:16]} g6 {[%emt 0:03:22]} 8. Bc4 {[%emt 0:06:28]} Qc8 {[%emt 0:08:30]} 9. Nf3 {[%emt 0:04:01]} a5 {[%emt 0:01:44]} 10. a4 {[%emt 0:08:17]} Bg7 {[%emt 0:07:28]} 11. O-O {[%emt 0:00:36]} O-O {[%emt 0:00:17]} 12. Re1 {[%emt 0:01:58]} Re8 {[%emt 0:08:02]} 13. d4 {[%emt 0:08:35]} Na6 {[%emt 0:10:25]} 14. Bf4 {[%emt 0:04:07]} Nb4 {[%emt 0:08:25]} 15. Rac1 {[%emt 0:00:41]} Qd8 {[%emt 0:17:19]} 16. h3 {[%emt 0:10:04]} Rc8 {[%emt 0:03:20]} 17. Ne5 {[%emt 0:01:03]} Qb6 {[%emt 0:08:38]} 18. Be3 {[%emt 0:27:51]} Qd6 {[%emt 0:05:33]} 19. Nxd7 {[%emt 0:01:24]} Nxd7 {[%emt 0:00:08]} 20. Ne4 {[%emt 0:01:32]} Qb8 {[%emt 0:02:15]} 21. Nc5 {[%emt 0:04:28]} Nb6 {[%emt 0:05:11]} 22. d6 {[%emt 0:01:04]} Nxc4 {[%emt 0:00:06]} 23. d7 {[%emt 0:00:28]} Nxe3 {[%emt 0:00:05]} 24. dxe8=Q+ {[%emt 0:00:24]} Rxe8 {[%emt 0:00:03]} 25. Qxe3 {[%emt 0:01:13]} b6 {[%emt 0:00:59]} 26. Nd3 {[%emt 0:03:18]} Qd6 {[%emt 0:00:38]} 27. Rc4 {[%emt 0:07:08]} Qd5 {[%emt 0:01:59]} 28. b3 {[%emt 0:00:46]} Nxd3 {[%emt 0:00:30]} 29. Qxd3 {[%emt 0:00:01]} e5 {[%emt 0:00:17]} 30. Qc2 {[%emt 0:02:23]} Rd8 {[%emt 0:01:16]} 31. dxe5 {[%emt 0:00:19]} Bxe5 {[%emt 0:00:18]} 32. Rc8 {[%emt 0:01:48]} Rxc8 {[%emt 0:01:23]} 33. Qxc8+ {[%emt 0:00:01]} Kg7 {[%emt 0:00:02]} 34. Qc4 {[%emt 0:01:45]} Qd6 {[%emt 0:00:40]} 35. Qe2 {[%emt 0:00:41]} Bc3 {[%emt 0:01:09]} 36. Rd1 {[%emt 0:00:14]} Qb4 {[%emt 0:00:16]} 37. Qc4 {[%emt 0:00:33]} Qxc4 {[%emt 0:00:34]} 38. bxc4 {[%emt 0:00:02]} Bb4 {[%emt 0:00:08]} 39. Kf1 {[%emt 0:00:51]} Kf6 {[%emt 0:00:37]} 40. Ke2 {[%emt 0:00:00]} h5 {[%emt 0:00:00]} 41. Rd5 {[%emt 0:00:49]} Bc5 {[%emt 0:02:19]} 42. g3 {[%emt 0:00:35]} Ke6 {[%emt 0:02:30]} 43. f3 {[%emt 0:01:49]} f5 {[%emt 0:02:26]} 44. Kd3 {[%emt 0:06:32]} Kf6 {[%emt 0:02:43]} 45. Rd7 {[%emt 0:04:36]} Kg5 {[%emt 0:04:09]} 46. Ke2 {[%emt 0:03:09]} Kf6 {[%emt 0:04:42]} 47. Rb7 {[%emt 0:00:17]} Ke5 {[%emt 0:03:03]} 48. Rd7 {[%emt 0:03:12]} Ke6 {[%emt 0:01:00]} 49. Rg7 {[%emt 0:00:24]} Kf6 {[%emt 0:00:07]} 50. Rg8 {[%emt 0:00:15]} Kf7 {[%emt 0:00:38]} 51. Rc8 {[%emt 0:00:17]} Kf6 {[%emt 0:00:54]} 52. Rc6+ {[%emt 0:00:08]} Kg5 {[%emt 0:00:31]} 53. f4+ {[%emt 0:02:34]} Kh6 {[%emt 0:01:15]} 54. Rc7 {[%emt 0:02:03]} Bd6 {[%emt 0:03:03]} 55. Rd7 {[%emt 0:00:44]} Bc5 {[%emt 0:00:18]} 56. Rf7 {[%emt 0:00:30]} Bd6 {[%emt 0:01:01]} 57. Kf3 {[%emt 0:00:39]} Bc5 {[%emt 0:00:39]} 58. g4 {[%emt 0:01:08]} hxg4+ {[%emt 0:00:22]} 59. hxg4 {[%emt 0:00:05]} fxg4+ {[%emt 0:00:09]} 60. Kxg4 {[%emt 0:00:04]} Bd4 {[%emt 0:00:33]} 61. f5 {[%emt 0:02:56]} gxf5+ {[%emt 0:00:40]} 62. Kxf5 {[%emt 0:00:05]} Bc5 {[%emt 0:00:18]} 63. Ke6 {[%emt 0:00:04]} Kg6 {[%emt 0:00:19]} 64. Rf3 {[%emt 0:00:25]} Kg5 {[%emt 0:00:43]} 65. Rf5+ {[%emt 0:00:42]} 1-0

[Event "46th GRE-chT Premier 2018"]
[Site "Rio Achaia"]
[Date "2018.07.12"]
[Round "4"]
[White "Sidiropoulos, Nikolaos"]
[Black "Naoum, Spyridon"]
[Result "0-1"]
[WhiteElo "2112"]
[BlackElo "2335"]
[Annotator "NA"]
[PlyCount "82"]
[EventDate "2018.07.10"]
[EventType "team-tourn"]
[EventCountry "GRE"]
[SourceTitle "playchess.com"]
[Source "ChessBase"]
[SourceQuality "1"]
[TimeControl "40/5400+30:1800+30"]

1. e4 {[%emt 0:05:28]} c5 {[%emt 0:00:00]} 2. Nf3 {[%emt 0:00:13]} e6 {[%emt 0:00:00]} 3. d4 {[%emt 0:00:04]} cxd4 {[%emt 0:00:00]} 4. Nxd4 {[%emt 0:00:04]} a6 {[%emt 0:00:00]} 5. Bd3 {[%emt 0:00:20]} Qb6 {[%emt 0:00:48]} 6. Nb3 {[%emt 0:00:41]} Qc7 {[%emt 0:00:16]} 7. Be3 {[%emt 0:00:44]} Nf6 {[%emt 0:00:55]} 8. f4 {[%emt 0:01:06]} b5 {[%emt 0:03:22]} 9. N1d2 {[%emt 0:00:51]} Bb7 {[%emt 0:00:36]} 10. c3 {[%emt 0:01:28]} Be7 {[%emt 0:11:50]} 11. O-O {[%emt 0:01:20]} d6 {[%emt 0:00:28]} 12. Rc1 {[%emt 0:11:35]} Nbd7 {[%emt 0:02:05]} 13. c4 {[%emt 0:12:39]} b4 {[%emt 0:00:13]} 14. Qf3 {[%emt 0:00:34]} Rd8 {[%emt 0:08:43]} 15. g4 {[%emt 0:06:47]} g5 {[%emt 0:01:13]} 16. Kh1 {[%emt 0:27:09]} h5 {[%emt 0:08:11]} 17. fxg5 {[%emt 0:02:16]} Ne5 {[%emt 0:00:49]} 18. gxf6 {[%emt 0:00:33]} Nxf3 {[%emt 0:00:05]} 19. fxe7 {[%emt 0:00:05]} Qxe7 {[%emt 0:00:18]} 20. Rxf3 {[%emt 0:15:22]} hxg4 {[%emt 0:00:19]} 21. Rg3 {[%emt 0:02:36]} Qh4 {[%emt 0:03:54]} 22. Nf1 {[%emt 0:02:41]} f5 {[%emt 0:02:19]} 23. c5 {[%emt 0:02:20]} e5 {[%emt 0:23:04]} 24. c6 {[%emt 0:02:36]} Bxc6 {[%emt 0:00:14]} 25. Rxc6 {[%emt 0:00:17]} f4 {[%emt 0:00:04]} 26. Rg2 {[%emt 0:01:25]} fxe3 {[%emt 0:00:07]} 27. Ng3 {[%emt 0:00:19]} Kf7 {[%emt 0:12:04]} 28. Bc4+ {[%emt 0:01:08]} Kg6 {[%emt 0:00:57]} 29. Nc1 {[%emt 0:00:59]} Kg5 {[%emt 0:01:04]} 30. Be6 {[%emt 0:00:18]} d5 {[%emt 0:06:12]} 31. Bf5 {[%emt 0:00:46]} Rh6 {[%emt 0:00:11]} 32. Rxh6 {[%emt 0:00:39]} Qxh6 {[%emt 0:01:02]} 33. exd5 {[%emt 0:00:33]} Rxd5 {[%emt 0:00:30]} 34. Nce2 {[%emt 0:00:32]} Rd1+ {[%emt 0:00:45]} 35. Rg1 {[%emt 0:00:11]} Rd2 {[%emt 0:02:02]} 36. Bb1 {[%emt 0:00:45]} Qf8 {[%emt 0:01:38]} 37. Rf1 Qxf1+ {[%emt 0:00:39]} 38. Nxf1 {[%emt 0:00:20]} Rxe2 {[%emt 0:00:07]} 39. Bd3 {[%emt 0:00:26]} Re1 {[%emt 0:02:36]} 40. Bxa6 {[%emt 0:00:00]} e2 {[%emt 0:00:00]} 41. Kg2 {[%emt 0:00:48]} Kf4 {[%emt 0:02:26]} 0-1

[Event "46th GRE-chT Premier 2018"]
[Site "Rio Achaia"]
[Date "2018.07.12"]
[Round "4"]
[White "Kordis, Konstantinos"]
[Black "Vragoteris, Antonios"]
[Result "0-1"]
[WhiteElo "2100"]
[BlackElo "2160"]
[Annotator "NA"]
[PlyCount "62"]
[EventDate "2018.07.10"]
[EventType "team-tourn"]
[EventCountry "GRE"]
[SourceTitle "playchess.com"]
[Source "ChessBase"]
[SourceQuality "1"]
[TimeControl "40/5400+30:1800+30"]

1. e4 {[%emt 0:00:00]} c5 {[%emt 0:12:03]} 2. Nf3 {[%emt 0:00:00]} Nc6 {[%emt 0:00:22]} 3. Bb5 {[%emt 0:00:08]} g6 {[%emt 0:00:17]} 4. O-O {[%emt 0:00:19]} Bg7 {[%emt 0:00:08]} 5. Re1 {[%emt 0:00:16]} Nf6 {[%emt 0:00:44]} 6. e5 {[%emt 0:02:37]} Nd5 {[%emt 0:00:19]} 7. Nc3 {[%emt 0:00:31]} Nc7 {[%emt 0:00:13]} 8. Bxc6 {[%emt 0:00:16]} dxc6 {[%emt 0:00:12]} 9. Ne4 {[%emt 0:00:15]} Ne6 {[%emt 0:00:25]} 10. d3 {[%emt 0:00:10]} O-O {[%emt 0:00:28]} 11. Be3 {[%emt 0:00:18]} b6 {[%emt 0:00:12]} 12. Qd2 {[%emt 0:00:25]} Nd4 {[%emt 0:00:51]} 13. Nxd4 {[%emt 0:00:24]} cxd4 {[%emt 0:00:09]} 14. Bh6 {[%emt 0:00:16]} c5 {[%emt 0:00:20]} 15. Qf4 {[%emt 0:06:02]} Bb7 {[%emt 0:00:58]} 16. Qh4 {[%emt 0:18:04]} Re8 {[%emt 0:16:22]} 17. Bxg7 {[%emt 0:34:30]} Kxg7 {[%emt 0:01:07]} 18. Ng5 {[%emt 0:01:31]} h6 {[%emt 0:09:09]} 19. Nxf7 {[%emt 0:01:50]} Kxf7 {[%emt 0:08:21]} 20. Qxh6 {[%emt 0:00:14]} Rh8 {[%emt 0:03:00]} 21. e6+ {[%emt 0:02:52]} Kf6 {[%emt 0:00:24]} 22. Qf4+ {[%emt 0:00:47]} Kg7 {[%emt 0:00:09]} 23. Qf7+ {[%emt 0:01:00]} Kh6 {[%emt 0:00:04]} 24. Qf4+ {[%emt 0:00:30]} g5 {[%emt 0:07:59]} 25. Qg3 {[%emt 0:02:43]} Qf8 {[%emt 0:05:45]} 26. Qc7 {[%emt 0:00:20]} Rb8 {[%emt 0:00:18]} 27. Re5 {[%emt 0:06:58]} Qf4 {[%emt 0:16:01]} 28. h4 {[%emt 0:04:41]} Rhc8 {[%emt 0:03:20]} 29. hxg5+ {[%emt 0:02:04]} Kg6 {[%emt 0:01:45]} 30. Qxe7 {[%emt 0:00:13]} Rf8 {[%emt 0:06:08]} 31. Re2 {[%emt 0:00:13]} Bxg2 {[%emt 0:00:17]} 0-1

[Event "46th GRE-chT Premier 2018"]
[Site "Rio Achaia"]
[Date "2018.07.12"]
[Round "4"]
[White "Mihopoulos, Konstantinos"]
[Black "Tassopoulos, Marios"]
[Result "1-0"]
[WhiteElo "2097"]
[BlackElo "2134"]
[Annotator "NA"]
[PlyCount "103"]
[EventDate "2018.07.10"]
[EventType "team-tourn"]
[EventCountry "GRE"]
[SourceTitle "playchess.com"]
[Source "ChessBase"]
[SourceQuality "1"]
[TimeControl "40/5400+30:1800+30"]

1. d4 {[%emt 0:10:24]} Nf6 {[%emt 0:01:43]} 2. Bf4 {[%emt 0:01:03]} d5 {[%emt 0:03:00]} 3. e3 {[%emt 0:00:16]} c5 {[%emt 0:00:27]} 4. c3 {[%emt 0:02:22]} Nc6 {[%emt 0:01:43]} 5. Nd2 {[%emt 0:00:45]} Bf5 {[%emt 0:15:54]} 6. Qb3 {[%emt 0:07:22]} Qd7 {[%emt 0:04:09]} 7. Ngf3 {[%emt 0:02:24]} c4 {[%emt 0:03:19]} 8. Qd1 {[%emt 0:00:11]} e6 {[%emt 0:01:36]} 9. h3 {[%emt 0:02:06]} Bd6 {[%emt 0:08:15]} 10. Bg5 {[%emt 0:15:08]} Ne4 {[%emt 0:20:53]} 11. Nxe4 {[%emt 0:00:57]} Bxe4 {[%emt 0:00:09]} 12. Nd2 {[%emt 0:00:23]} Bf5 {[%emt 0:00:36]} 13. e4 {[%emt 0:04:48]} Bxe4 {[%emt 0:01:51]} 14. Nxe4 {[%emt 0:00:16]} dxe4 {[%emt 0:00:09]} 15. Bxc4 {[%emt 0:00:26]} O-O {[%emt 0:06:51]} 16. Qe2 {[%emt 0:08:52]} f5 {[%emt 0:03:21]} 17. O-O {[%emt 0:14:56]} h6 {[%emt 0:08:20]} 18. Bd2 {[%emt 0:00:10]} Kh8 {[%emt 0:01:43]} 19. f3 {[%emt 0:00:28]} exf3 {[%emt 0:03:14]} 20. Qxf3 {[%emt 0:00:14]} e5 {[%emt 0:02:06]} 21. Qh5 {[%emt 0:00:09]} Bc7 {[%emt 0:06:11]} 22. Rae1 {[%emt 0:11:08]} e4 {[%emt 0:02:27]} 23. Kh1 {[%emt 0:07:40]} Rae8 {[%emt 0:00:55]} 24. Bf4 {[%emt 0:01:45]} Bxf4 {[%emt 0:00:34]} 25. Rxf4 {[%emt 0:00:05]} Rd8 {[%emt 0:02:06]} 26. Ref1 {[%emt 0:01:56]} Ne7 {[%emt 0:00:26]} 27. g4 {[%emt 0:00:21]} Nd5 {[%emt 0:00:24]} 28. Bxd5 {[%emt 0:02:48]} Qxd5 {[%emt 0:00:02]} 29. Rxf5 {[%emt 0:00:12]} Rxf5 {[%emt 0:00:15]} 30. Qxf5 {[%emt 0:00:18]} Qxa2 {[%emt 0:00:29]} 31. g5 {[%emt 0:02:14]} Qd5 {[%emt 0:00:39]} 32. gxh6 {[%emt 0:00:19]} Qxf5 {[%emt 0:00:16]} 33. hxg7+ {[%emt 0:00:08]} Kxg7 {[%emt 0:00:01]} 34. Rxf5 {[%emt 0:00:10]} Rd6 {[%emt 0:01:24]} 35. Kg2 {[%emt 0:01:47]} Kg6 {[%emt 0:00:26]} 36. Rb5 {[%emt 0:01:26]} Rd7 {[%emt 0:00:54]} 37. Re5 {[%emt 0:00:13]} Kf6 {[%emt 0:00:13]} 38. Rxe4 {[%emt 0:00:06]} Kf5 {[%emt 0:00:13]} 39. Kf3 {[%emt 0:00:14]} Rg7 {[%emt 0:00:24]} 40. Re5+ {[%emt 0:00:00]} Kf6 {[%emt 0:00:00]} 41. h4 {[%emt 0:05:35]} Rg1 {[%emt 0:04:46]} 42. Rb5 {[%emt 0:00:24]} b6 {[%emt 0:00:26]} 43. h5 {[%emt 0:01:20]} Re1 {[%emt 0:00:15]} 44. Kf4 {[%emt 0:00:29]} Rh1 {[%emt 0:00:20]} 45. Ke4 {[%emt 0:00:24]} Rh4+ {[%emt 0:00:13]} 46. Kd3 {[%emt 0:00:08]} Ke6 {[%emt 0:00:15]} 47. Kc4 {[%emt 0:00:13]} Rh2 {[%emt 0:00:21]} 48. b4 {[%emt 0:00:11]} Ra2 {[%emt 0:01:15]} 49. Rg5 {[%emt 0:00:19]} Rh2 {[%emt 0:00:50]} 50. b5 {[%emt 0:00:22]} Ra2 {[%emt 0:04:45]} 51. Rg7 {[%emt 0:00:26]} a6 {[%emt 0:01:43]} 52. Rg6+ {[%emt 0:00:11] Kd5+} 1-0

[Event "46th GRE-chT Premier 2018"]
[Site "Rio Achaia"]
[Date "2018.07.12"]
[Round "4"]
[White "Ivanova, Simoneta"]
[Black "Cibickova, Zuzana"]
[Result "0-1"]
[WhiteElo "2091"]
[BlackElo "2292"]
[Annotator "NA"]
[PlyCount "120"]
[EventDate "2018.07.10"]
[EventType "team-tourn"]
[EventCountry "GRE"]
[SourceTitle "playchess.com"]
[Source "ChessBase"]
[SourceQuality "1"]
[TimeControl "40/5400+30:1800+30"]

1. d4 {[%emt 0:00:00]} d5 {[%emt 0:00:00]} 2. c4 {[%emt 0:00:00]} c6 {[%emt 0:00:00]} 3. Nf3 {[%emt 0:00:03]} Nf6 {[%emt 0:00:04]} 4. e3 {[%emt 0:00:09]} Bf5 {[%emt 0:00:45]} 5. Nc3 {[%emt 0:00:09]} e6 {[%emt 0:00:27]} 6. Nh4 {[%emt 0:00:26]} Bg6 {[%emt 0:00:08]} 7. g3 {[%emt 0:01:21]} Nbd7 {[%emt 0:01:27]} 8. Be2 {[%emt 0:00:34]} Bd6 {[%emt 0:04:56]} 9. O-O {[%emt 0:01:03]} Qc7 {[%emt 0:06:22]} 10. Bd2 {[%emt 0:09:20]} Ne4 {[%emt 0:03:02]} 11. Nxg6 {[%emt 0:09:56]} hxg6 {[%emt 0:03:19]} 12. Nxe4 {[%emt 0:00:42]} dxe4 {[%emt 0:00:02]} 13. d5 {[%emt 0:14:07]} exd5 {[%emt 0:09:23]} 14. cxd5 {[%emt 0:00:05]} c5 {[%emt 0:18:06]} 15. Qa4 {[%emt 0:01:58]} f5 {[%emt 0:00:41]} 16. b4 {[%emt 0:10:51]} O-O {[%emt 0:04:40]} 17. Rac1 {[%emt 0:02:23]} b6 {[%emt 0:00:23]} 18. Bc3 {[%emt 0:14:05]} g5 {[%emt 0:21:40]} 19. Qc6 {[%emt 0:03:32]} Rad8 {[%emt 0:03:54]} 20. Qxc7 {[%emt 0:10:42]} Bxc7 {[%emt 0:00:01]} 21. bxc5 {[%emt 0:07:06]} Nxc5 {[%emt 0:00:09]} 22. Bb4 {[%emt 0:01:13]} Bd6 {[%emt 0:00:01]} 23. Bxc5 {[%emt 0:06:45]} Bxc5 {[%emt 0:00:03]} 24. Rc3 {[%emt 0:00:12]} Rd6 {[%emt 0:00:31]} 25. Rd1 {[%emt 0:01:11]} Kf7 {[%emt 0:01:17]} 26. Bf1 {[%emt 0:01:09]} Ke7 {[%emt 0:00:30]} 27. Bh3 {[%emt 0:01:20]} g4 {[%emt 0:00:34]} 28. Bg2 {[%emt 0:01:40]} Rh8 {[%emt 0:03:28]} 29. Rc4 {[%emt 0:00:23]} Rdh6 {[%emt 0:02:25]} 30. Ra4 {[%emt 0:01:16]} a5 {[%emt 0:01:23]} 31. Rc4 {[%emt 0:01:10]} Kd6 {[%emt 0:00:25]} 32. a4 {[%emt 0:00:09]} Rxh2 {[%emt 0:00:31]} 33. Rc2 {[%emt 0:00:41]} g5 {[%emt 0:00:18]} 34. Rc4 {[%emt 0:00:33]} R2h6 {[%emt 0:01:50]} 35. Kf1 {[%emt 0:00:13]} Ke5 {[%emt 0:01:34]} 36. Rc2 {[%emt 0:00:49]} Rd6 {[%emt 0:00:14]} 37. Rcd2 {[%emt 0:00:36]} Bb4 {[%emt 0:00:52]} 38. Rc2 {[%emt 0:00:24]} Rhd8 {[%emt 0:04:33]} 39. Kg1 {[%emt 0:00:18]} Rxd5 {[%emt 0:04:51]} 40. Rxd5+ {[%emt 0:00:00]} Rxd5 {[%emt 0:00:00]} 41. Bf1 {[%emt 0:00:46]} Bc5 {[%emt 0:10:59]} 42. Bc4 {[%emt 0:01:50]} Rd1+ {[%emt 0:00:47]} 43. Kg2 {[%emt 0:00:14]} f4 {[%emt 0:02:51]} 44. gxf4+ {[%emt 0:00:52]} gxf4 {[%emt 0:00:01]} 45. exf4+ {[%emt 0:00:59]} Kxf4 {[%emt 0:00:02]} 46. Be6 {[%emt 0:05:38]} Rd4 {[%emt 0:03:58]} 47. Bc4 {[%emt 0:01:09]} e3 {[%emt 0:04:32]} 48. fxe3+ {[%emt 0:00:48]} Kxe3 {[%emt 0:00:02]} 49. Re2+ {[%emt 0:04:26]} Kf4 {[%emt 0:00:03]} 50. Bb5 {[%emt 0:00:03]} Rd1 {[%emt 0:00:53]} 51. Bc6 {[%emt 0:01:30]} Kg5 {[%emt 0:02:44]} 52. Re8 {[%emt 0:02:59]} Rd2+ {[%emt 0:01:08]} 53. Kf1 {[%emt 0:04:06]} Kh4 {[%emt 0:02:44]} 54. Ke1 {[%emt 0:03:46]} Bb4 {[%emt 0:01:14]} 55. Kf1 {[%emt 0:00:22]} Kg3 {[%emt 0:01:29]} 56. Re3+ {[%emt 0:00:19]} Kh2 {[%emt 0:01:10]} 57. Re2+ {[%emt 0:04:15]} Rxe2 {[%emt 0:00:16]} 58. Kxe2 {[%emt 0:00:05]} g3 {[%emt 0:00:07]} 59. Kf1 {[%emt 0:00:28]} Bc5 {[%emt 0:00:04]} 60. Bd5 {[%emt 0:01:29]} b5 {[%emt 0:00:13]} 0-1

[Event "46th GRE-chT Premier 2018"]
[Site "Rio Achaia"]
[Date "2018.07.12"]
[Round "4"]
[White "Krasteva, Beloslava"]
[Black "Petraki, Maria"]
[Result "0-1"]
[WhiteElo "2086"]
[BlackElo "1962"]
[Annotator "NA"]
[PlyCount "92"]
[EventDate "2018.07.10"]
[EventType "team-tourn"]
[EventCountry "GRE"]
[SourceTitle "playchess.com"]
[Source "ChessBase"]
[SourceQuality "1"]
[TimeControl "40/5400+30:1800+30"]

1. d4 Nf6 {[%emt 0:01:43]} 2. c4 {[%emt 0:00:06]} c5 {[%emt 0:02:49]} 3. d5 {[%emt 0:01:06]} e5 {[%emt 0:00:46]} 4. Nc3 {[%emt 0:01:27]} d6 {[%emt 0:00:26]} 5. e4 {[%emt 0:00:51]} Be7 {[%emt 0:00:09]} 6. Be2 {[%emt 0:06:41]} O-O {[%emt 0:00:16]} 7. Nf3 {[%emt 0:00:36]} Nbd7 {[%emt 0:01:30]} 8. h3 {[%emt 0:03:15]} Ne8 {[%emt 0:03:51]} 9. Be3 {[%emt 0:04:07]} a6 {[%emt 0:00:28]} 10. a3 {[%emt 0:02:41]} g6 {[%emt 0:01:21]} 11. g4 {[%emt 0:02:23]} Ng7 {[%emt 0:00:41]} 12. h4 {[%emt 0:04:31]} Nf6 {[%emt 0:02:33]} 13. Nd2 {[%emt 0:03:00]} h5 {[%emt 0:02:50]} 14. gxh5 {[%emt 0:04:48]} Nfxh5 {[%emt 0:01:06]} 15. Rg1 {[%emt 0:03:08]} Kh7 {[%emt 0:05:02]} 16. Bg5 {[%emt 0:11:22]} Bd7 {[%emt 0:21:03]} 17. Nf3 {[%emt 0:07:12]} b5 {[%emt 0:37:20]} 18. cxb5 {[%emt 0:05:41]} axb5 {[%emt 0:00:01]} 19. Bxe7 {[%emt 0:10:55]} Qxe7 {[%emt 0:00:11]} 20. Nxb5 {[%emt 0:01:20]} Nf4 {[%emt 0:02:45]} 21. Nc3 {[%emt 0:01:03]} Rab8 {[%emt 0:00:59]} 22. Qd2 {[%emt 0:01:11]} Rb6 {[%emt 0:01:13]} 23. Bc4 {[%emt 0:03:01]} Rfb8 {[%emt 0:01:47]} 24. b3 {[%emt 0:00:13]} Ngh5 {[%emt 0:02:08]} 25. a4 {[%emt 0:02:17]} Bc8 {[%emt 0:01:53]} 26. Nb5 {[%emt 0:08:38]} Qf6 {[%emt 0:00:39]} 27. Qe3 {[%emt 0:02:37]} Kg7 {[%emt 0:03:19]} 28. O-O-O {[%emt 0:00:40]} Nh3 {[%emt 0:00:16]} 29. Rh1 {[%emt 0:03:27]} Bg4 {[%emt 0:00:31]} 30. Rde1 {[%emt 0:04:02]} N3f4 {[%emt 0:01:35]} 31. Ng5 {[%emt 0:00:42]} Ng2 {[%emt 0:00:36]} 32. Qd2 {[%emt 0:00:38]} Nxe1 {[%emt 0:00:13]} 33. Rxe1 {[%emt 0:00:06]} Qf4 {[%emt 0:01:21]} 34. f3 {[%emt 0:02:11]} Bd7 {[%emt 0:00:42]} 35. Qxf4 {[%emt 0:00:43]} Nxf4 {[%emt 0:00:16]} 36. Nc3 {[%emt 0:00:07]} Ng2 {[%emt 0:02:59]} 37. Rh1 {[%emt 0:00:10]} Ne3 {[%emt 0:00:26]} 38. Bb5 {[%emt 0:00:53]} Bxb5 {[%emt 0:00:21]} 39. Nxb5 {[%emt 0:00:08]} Ng2 {[%emt 0:00:24]} 40. h5 {[%emt 0:00:00]} Rh8 {[%emt 0:00:00]} 41. h6+ {[%emt 0:00:39]} Kf6 {[%emt 0:03:21]} 42. Rg1 {[%emt 0:04:52]} Kxg5 {[%emt 0:03:51]} 43. Rxg2+ {[%emt 0:00:09]} Kf4 {[%emt 0:06:04]} 44. Rh2 {[%emt 0:04:10]} Kxf3 {[%emt 0:02:48]} 45. Na3 {[%emt 0:00:17]} Kxe4 {[%emt 0:01:13]} 46. Nc4 {[%emt 0:00:11]} Ra6 {[%emt 0:01:46]} 0-1

[Event "46th GRE-chT Premier 2018"]
[Site "Rio Achaia"]
[Date "2018.07.12"]
[Round "4"]
[White "Tepelenis, Nikolaos"]
[Black "Istratescu, Andrei"]
[Result "0-1"]
[WhiteElo "2079"]
[BlackElo "2575"]
[Annotator "ChessBase"]
[PlyCount "56"]
[EventDate "2018.07.10"]
[EventType "team-tourn"]
[EventCountry "GRE"]
[SourceTitle "playchess.com"]
[Source "ChessBase"]
[SourceQuality "1"]
[TimeControl "40/5400+30:1800+30"]

1. e4 {[%emt 0:00:00]} c5 2. c3 {[%emt 0:00:00]} e6 {[%emt 0:01:33]} 3. d4 {[%emt 0:00:00]} d5 {[%emt 0:00:02]} 4. exd5 {[%emt 0:00:13]} exd5 {[%emt 0:00:10]} 5. Nf3 {[%emt 0:01:57]} Nc6 {[%emt 0:00:18]} 6. Be2 {[%emt 0:05:25]} h6 {[%emt 0:06:57]} 7. O-O {[%emt 0:03:24]} Nf6 {[%emt 0:01:10]} 8. Bf4 {[%emt 0:10:23]} Be7 {[%emt 0:03:26]} 9. dxc5 {[%emt 0:01:14]} Bxc5 {[%emt 0:01:01]} 10. Nbd2 {[%emt 0:00:40]} O-O {[%emt 0:00:05]} 11. Nb3 {[%emt 0:01:00]} Bb6 {[%emt 0:00:17]} 12. Nfd4 {[%emt 0:07:29]} Re8 {[%emt 0:02:28]} 13. Bf3 {[%emt 0:21:42]} Ne4 {[%emt 0:06:17]} 14. Re1 {[%emt 0:01:56]} Qf6 {[%emt 0:03:23]} 15. Bg3 {[%emt 0:02:08]} Bf5 {[%emt 0:04:31]} 16. Nxf5 {[%emt 0:06:59]} Qxf5 {[%emt 0:00:22]} 17. Nd4 {[%emt 0:00:16]} Bxd4 {[%emt 0:15:38]} 18. cxd4 {[%emt 0:01:56]} Ng5 {[%emt 0:02:29]} 19. Rxe8+ {[%emt 0:03:46]} Rxe8 {[%emt 0:00:19]} 20. Bg4 {[%emt 0:02:08]} Qf6 {[%emt 0:09:33]} 21. Bd7 {[%emt 0:06:06]} Re4 {[%emt 0:10:12]} 22. Qb3 {[%emt 0:04:38]} Nxd4 {[%emt 0:00:25]} 23. Qxb7 {[%emt 0:01:55]} Ne2+ {[%emt 0:00:41]} 24. Kh1 {[%emt 0:00:33]} Nxg3+ {[%emt 0:00:51]} 25. fxg3 {[%emt 0:05:02]} Rd4 {[%emt 0:06:18]} 26. Qxa7 {[%emt 0:05:28]} Qf2 {[%emt 0:01:34]} 27. Qa8+ {[%emt 0:02:22]} Kh7 {[%emt 0:00:39]} 28. Bc6 {[%emt 0:00:56]} Nh3 {[%emt 0:02:18]} 0-1